| 000 | 01441nam a2200433 a 4500 | ||
|---|---|---|---|
| 001 | 000108824 | ||
| 003 | CHAP | ||
| 005 | 20220329144026.0 | ||
| 008 | 140313s2012 it af |r| ||||||eng d | ||
| 010 | _a105286 | ||
| 011 | _a106258 | ||
| 020 | _a9789251067192 | ||
| 040 | _cCHAP | ||
| 082 | 0 | 4 |
_a639.3731 _bF3y v.6 |
| 245 | 0 | 0 |
_aCommercially important sea cucumbers of the world / _cpor Steven W. Purcell, Yves Samyn y Chantal Conand. |
| 260 |
_aRoma : _bFAO, _c2012. |
||
| 300 |
_aviii, 150 p. : _bil., láminas en color. |
||
| 490 | 1 |
_aFAO. Species catalogue for fishery purposes _v; 6 |
|
| 590 |
_aE11695DGD _b10 _c20141008 _lUCH01 _h1318 |
||
| 590 |
_aE11695DGD _b10 _c20141008 _lUCH01 _h1318 |
||
| 590 |
_aE11695DGD _b10 _c20141008 _lUCH01 _h1318 |
||
| 590 |
_aE5995AHE _b05 _c20140313 _lUCH01 _h1400 |
||
| 590 |
_aE5995AHE _b05 _c20140313 _lUCH01 _h1430 |
||
| 590 |
_aE5995AHE _b05 _c20140313 _lUCH01 _h1451 |
||
| 650 | 4 |
_aAdministración pesquera _9933 |
|
| 650 | 4 |
_aAnimales domésticos _xAnatomía y fisiología. _95892 |
|
| 650 | 4 |
_aCohombro de mar. _924383 |
|
| 650 | 4 |
_aConsumo. _927420 |
|
| 650 | 4 |
_aDerechos de pesca. _9125628 |
|
| 650 | 4 |
_aEspecies. _937790 |
|
| 650 | 4 |
_aMercados. _974925 |
|
| 700 | 0 |
_aConand, C. _926275 |
|
| 700 | 1 |
_aPurcell, Steven W. _993039 |
|
| 700 | 1 |
_aSamyn, Yves _9125878 |
|
| 830 | 0 | 0 |
_aFAO. Species catalogue for fishery purposes _v; 6 _939701 |
| 901 | _aBK | ||
| 942 | _cLIBRO | ||
| 942 | _n0 | ||
| 999 |
_c105286 _d105286 |
||